Gminy Powiatu Chodzieskiego - Statystyki

Ogólne statystyki
  • Ten quiz został rozwiązany 63 razy
  • Średni wynik to 4 z 5
Statystyki odpowiedzi
typ gminy odpowiedź % Poprawnych
miejska Chodzież
97%
wiejska Chodzież
97%
miejsko-wiejska Budzyń
86%
miejsko-wiejska Margonin
86%
miejsko-wiejska Szamocin
81%
Nie znaleziono quizów pasujących do podanych kryteriów
Rozkład punktacji
Procent ludzi z każdym wynikiem
Percentyl według liczby udzielonych odpowiedzi
Twoja historia wyników
Nie rozwiązałeś tego quizu